The chemical process industries / (Record no. 4688)

MARC details
000 -LEADER
fixed length control field 00629nac a22001811u 4500
010 ## - LIBRARY OF CONGRESS CONTROL NUMBER
LC control number 55008293
082 00 - DEWEY DECIMAL CLASSIFICATION NUMBER
Classification number 660
Item number S5613
090 ## - LOCALLY ASSIGNED LC-TYPE CALL NUMBER (OCLC); LOCAL CALL NUMBER (OCLC)
-- 4688
-- 4688
100 ## - MAIN ENTRY--PERSONAL NAME
Personal name Shreve, Randolph Norri
245 14 - TITLE STATEMENT
Title The chemical process industries /
Statement of responsibility, etc R.Norris Shreve.
250 ## - EDITION STATEMENT
Edition statement 2d ed.
260 ## - PUBLICATION, DISTRIBUTION, ETC. (IMPRINT)
Place of publication, distribution, etc New York,
Name of publisher, distributor, etc McGraw-Hill,c.1956.
Date of publication, distribution, etc c.1956.
300 ## - PHYSICAL DESCRIPTION
Extent 1004 p.
Other physical details illus.
Dimensions 24 cm.
490 0# - Series Statement
Series statement McGraw-Hill series in chemical engineering
650 #0 - SUBJECT ADDED ENTRY--TOPICAL TERM
Topical term or geographic name as entry element Chemistry, Technical.
942 ## - ADDED ENTRY ELEMENTS (KOHA)
Item type Book - Borrowing
Call number prefix 660S5613
Holdings
Withdrawn status Item status Damaged status Not for loan Home library Current library Shelving location Date acquired Source of acquisition Total Checkouts Full call number Barcode Date last seen Date last borrowed Koha item type
        Central Library Central Library First floor 07/09/2016 Purchase 2 660 SHR 000005648 15/07/2025 27/02/2018 Book - Borrowing